The Oral performance in Africa / (Record no. 5917)
[ view plain ]
| 000 -LEADER | |
|---|---|
| fixed length control field | 01930cam a2200205 a 4500 |
| 020 ## - INTERNATIONAL STANDARD BOOK NUMBER | |
| ISBN | 9782460095 (pbk.) |
| 020 ## - INTERNATIONAL STANDARD BOOK NUMBER | |
| ISBN | 9789782460097 (pbk.) |
| 050 04 - CALL NUMBER | |
| Classification number | GR350 |
| Item number | .O72 |
| 245 04 - TITLE | |
| Title | The Oral performance in Africa / |
| Statement of responsibility, etc | edited by Isidore Okpewho. |
| 260 ## - PUBLICATION INFORMATION | |
| Place of publication | Ibadan, Nigeria : |
| Name of publisher | Spectrum Books, |
| Year of publication | 1990. |
| 300 ## - DESCRIPTION | |
| Number of Pages | 277 p. : |
| Other physical details | ill ; illustrations |
| Dimensions | 22 cm. |
| 500 ## - NOTES | |
| General note | A selection of papers presented at the Sixth Annual African Literature Conference held at the University of Ibadan, July 27-Aug. 1, l98l. |
| 505 ## - FORMATTED CONTENTS NOTE | |
| Table of Content | The study of performance / Isidore Okpewho (20 p.). --<br/>Two griots of Senegambia / Edris Makward (19 p.). --<br/>Kaalu Igirigiri : an Ohafia Igbo singer of tales / Chukwuma Azuonye (38 p.). --<br/>The performance of gule wamkulu : an introduction / Enoch Timpunza Mvula (19 p.). --<br/>Formulae in Madinka epic : the problem of translation / Gordon Innes (10 p.). --<br/>Towards a faithful record : on transcribing and translating the oral narrative performance / Isidore Okpewho (26 p.). --<br/>The narrator, narrative-pattern, and audience experience of oral narrative performance / Ropo Sekoni (21 p.). --<br/>The oral performer and his audience : a case study of The Odizi saga / Isidore Okpewho (25 p.). --<br/>Narrative rhythms in a Giryama ngano : oral patterns and musical oral patterns and musical structures / Ronald Rassner (21 p.). --<br/>The preservation, transmission and realization of song texts : a psycho-musical approach / Daniel Avorgbedoe (20 p.). --<br/>Wand or walking stick? : the formula and its use in Zulu praise poems / Elizabeth Gunner (23 p.). --<br/>Structural and thematic parallels in oral narrative and film : Mandabi and two African oral narratives / Mbye Baboucar Cham (2 |
| 650 #0 - SUBJECTS | |
| Topical Term | Oral tradition |
| 650 #0 - SUBJECTS | |
| Topical Term | Folk literature, African |
| General subdivision | Oral tradition -- Africa -- Congresses. |
| 650 #0 - SUBJECTS | |
| Topical Term | Folk music |
| 700 1# - OTHER AUTHORS | |
| Personal name | Okpewho, Isidore. |
| 711 2# - OTHER AUTHORS | |
| OTHER AUTHORS | African Literature Conference |
| 942 ## - ADDED ENTRY ELEMENTS (KOHA) | |
| Koha item type | Books |
| Withdrawn status | Lost status | Collection code | Home library | Current library | Shelving location | Date acquired | Full call number | Accession Number | Koha item type |
|---|---|---|---|---|---|---|---|---|---|
| Reference | Methodist University Library Main | Methodist University Library Main | General Stacks | 15/07/2007 | GR350 .O72 | 28564 | Books |